| 000 | 00674cam a22002531 4500 | ||
|---|---|---|---|
| 999 |
_c5034 _d5034 |
||
| 001 | 9407107 | ||
| 003 | GBCCL | ||
| 005 | 20241126110532.0 | ||
| 008 | 780726s1966 tnu 000 0 eng | ||
| 010 | _a 66010670 | ||
| 035 | _a(OCoLC)4087468 | ||
| 040 |
_aDLC _cNcCuW _dDLC |
||
| 042 | _apremarc | ||
| 050 | 0 | 0 |
_aF1565.2.C8 _bV3 |
| 082 |
_a980.462 _bVAN |
||
| 100 | 1 |
_aVandervelde, Marjorie Mills. _99081 |
|
| 245 | 1 | 0 | _aKeep out of paradise. |
| 260 |
_aNashville, _bBroadman Press _c[1966] |
||
| 300 |
_a127 p. _c20 cm. |
||
| 650 | 0 |
_aCuna Indians. _99082 |
|
| 650 | 0 |
_aChoco Indians. _99083 |
|
| 906 |
_a7 _bcbc _coclcrpl _du _encip _f19 _gy-gencatlg |
||
| 942 |
_2ddc _cBK |
||